Matemática 3 : tercer año del ciclo básico /

Guardado en:
Autor Principal: Tapia, Nelly Vazquez De
Formato: Libro
Publicado: Buenos Aires : Estrada, 1981
Edición:2a. ed.
Materias:
Etiquetas: Agregar Etiqueta
Sin Etiquetas, Sea el primero en etiquetar este registro!
LEADER 00711nam a22002295a 4500
001 CEM.cems006195
005 20080424145800.0
008 130507s1981##################000#0#####d
003 CEMS
082 0 4 |a 510 
100 1 |a Tapia, Nelly Vazquez De 
245 1 0 |a Matemática 3 :  |b tercer año del ciclo básico / 
250 |a 2a. ed. 
260 |a Buenos Aires :  |b Estrada,  |c 1981 
300 |a 528 p. 
505 0 |a ; Hacia el numero Pi. 18 poligonos regulares; Figuras circulares; Funciónes circulares 
653 |a Funcion afin 
653 |a Funcion afin 
653 |a Funciones 
653 |a Funciones 
653 |a Funciones trigonometricas 
859 |a CEMS  |b BIB. CEMS - 11 de abril  |h 510  |i T162a2  |p 9213.81  |t Ej.3  |v III  |3 III